Estudio de la guerra de Cuba (Record no. 77531)
[ view plain ]
| 000 -LEADER | |
|---|---|
| campo de control de longitud fija | 00566nam a2200169 i 4500 |
| 001 - NÚMERO DE CONTROL | |
| campo de control | 77531 |
| 003 - IDENTIFICADOR DE NÚMERO DE CONTROL | |
| campo de control | ES-MaACL |
| 005 - FECHA Y HORA DE LA ÚLTIMA TRANSACCIÓN | |
| campo de control | 20230906173248.0 |
| 007 - CAMPO FIJO DE DESCRIPCIÓN FÍSICA--INFORMACIÓN GENERAL | |
| campo de control de longitud fija | t| |
| 008 - DATOS DE LONGITUD FIJA--INFORMACIÓN GENERAL | |
| campo de control de longitud fija | 041020s1896 sp ||||1| spa d |
| 100 1# - ENTRADA PRINCIPAL--NOMBRE DE PERSONA | |
| Nombre de persona | Amante de la Nación. |
| 9 (RLIN) | 21109 |
| 245 10 - MENCIÓN DEL TÍTULO | |
| Título | Estudio de la guerra de Cuba |
| Resto del título | : sus errores / |
| Mención de responsabilidad, etc. | por un amante de la Nación. |
| 260 ## - PUBLICACIÓN, DISTRIBUCIÓN, ETC. | |
| Lugar de publicación, distribución, etc. | [S.l. : |
| Nombre del editor, distribuidor, etc. | s.n., |
| Fecha de publicación, distribución, etc. | 1896?] |
| 300 ## - DESCRIPCIÓN FÍSICA | |
| Extensión | 16 p. ; |
| Dimensiones | 22 cm. |
| 651 #4 - PUNTO DE ACCESO ADICIONAL DE MATERIA--NOMBRE GEOGRÁFICO | |
| Nombre geográfico | Cuba- |
| Subdivisión general | Historia- |
| Subdivisión cronológica | 1895-1898, Guerra de la Independencia. |
| 9 (RLIN) | 8096 |
| 852 ## - LOCALIZACIÓN | |
| Ubicación | ES-MaACL |
| Número de control de estantería | L-4908(15-1) |
| condición física | . - Carece de portada |
| Estatus retirado | Estado de pérdida | Estado de daño | No para préstamo | Colección | Biblioteca de origen | Biblioteca actual | Ubicación en estantería | Fecha de adquisición | Fuente de adquisición | Total de préstamos | Signatura topográfica completa | Código de barras | Visto por última vez | Precio de reemplazo | Tipo de ítem Koha |
|---|---|---|---|---|---|---|---|---|---|---|---|---|---|---|---|
| Libros del s. XIX | Biblioteca del Ateneo de Madrid | Biblioteca del Ateneo de Madrid | Depósito 2 | 17/01/2008 | L-4908(15-1) | 1081115 | 23/02/2023 | 23/02/2023 | Libro impreso antiguo |
